00339nam a2200121Ia 4500008004000000020001800040082001700058100001900075245004300094260003300137300001000170650003700180210210b2003 xxu||||| |||| 00| 0 eng d a81 7033 758 5 a361.072 UPAS aUPADHYAY (R K) aSocial casework a therapeutic approach aNDbRawat Publicationsc2003 ax,260 aSocial case work social research